000 00484nam a2200157 4500
001 109216
003 ES-MaACL
007 t|
008 061121s1973 sp r ||||1| spa d
100 1 _aOliveras Guart, Angel.
_986863
245 1 0 _aGuía de Aranjuez
_b: Historia, palacios-museos y jardines /
_cAngel Oliveras Guart.
250 _a2ª ed.
260 _aMadrid :
_bPatrimonio Nacional,
_c1973.
300 _a218 p. 48 láms. col. ;
_c17 cm.
852 _aES-MaACL
_jE-5993
_bR.90174
999 _c109216
_d109216